000 00831nam a2200265 a 4500
001 000044164
003 DO-SdBNP
005 20180323161000.0
007 000044164
008 110613s2006 dr 000 0 spa d
020 _a9945405659
040 _aBPMSU
_bspa
_cBPMSU
049 _aBNPD
100 1 _aHostos, Eugenio María de
245 1 0 _aEl barco de papel /
_cEugenio María de Hostos ; editor Tomás Castro Burdiez.
250 _a3a ed.
260 _aSanto Domingo :
_bFundación para la Educación y el Arte.,
_c2006.
300 _a16 p. ;
_c22 cm.
490 1 _aCadernos educativos y culturales
_v17
700 1 _aCastro Burdiez, Tomás
_eed.
830 0 _aCadernos educativos y culturales
_v17
942 _2ddc
_cBK
945 _aRemanejada para la BNPHU, 2018 / VM
956 _aVMATEO
_b10
_c20150729
_lBPMSU
_h0069
999 _c7201
_d7201